[Event "39th POL-ch"]
[Site "Zielona Gora POL"]
[Date "1982.02.??"]
[Round "11"]
[White "Bugajski, Robert"]
[Black "Ksieski, Zbigniew"]
[Result "1/2-1/2"]
[WhiteElo "2315"]
[BlackElo "2375"]
[EventDate "1982.02.13"]
[PlyCount "100"]

1.c4 Nf6 2.Nc3 g6 3.g3 Bg7 4.Bg2 O-O 5.d4 d6 6.Nf3 Nbd7 7.O-O c6 8.d5 cxd5
9.cxd5 Nc5 10.Be3 Bd7 11.Bd4 a5 12.a4 Qb6 13.Ne1 Qa6 14.Bxc5 dxc5 15.Nd3 
Rac8 16.h3 Rfd8 17.Qd2 e6 18.e4 exd5 19.exd5 Qd6 20.Rfe1 c4 21.Ne5 Be8 22.
Rad1 Nd7 23.Nb5 Qb4 24.Qxb4 axb4 25.f4 Nc5 26.Nxc4 Nxa4 27.Nbd6 Nxb2 28.
Nxc8 Nxd1 29.Rxd1 Rxc8 30.Nd6 Rb8 31.Nxe8 Rxe8 32.d6 b3 33.d7 Rd8 34.Bxb7 
b2 35.Bc8 f5 36.Kg2 Bf6 37.Kf3 Kf7 38.g4 fxg4+ 39.hxg4 h5 40.g5 Bg7 41.Rf1
Ke7 42.Ke4 Rf8 43.Kd3 Kd8 44.Re1 Kc7 45.Ke4 Bc3 46.Rb1 Kd8 47.Kd3 Bg7 48.
Re1 h4 49.Kc2 Rh8 50.Re6 h3 1/2-1/2

[Event "39th POL-ch"]
[Site "Zielona Gora POL"]
[Date "1982.02.??"]
[Round "11"]
[White "Dobrzynski, Wojciech"]
[Black "Bielczyk, Jacek"]
[Result "1/2-1/2"]
[WhiteElo "2310"]
[BlackElo "2390"]
[EventDate "1982.02.13"]
[PlyCount "22"]

1.Nf3 g6 2.g3 Bg7 3.d4 c5 4.Bg2 cxd4 5.Nxd4 Nc6 6.Nxc6 bxc6 7.O-O Nh6 8.c4
O-O 9.Nc3 Rb8 10.Rb1 Nf5 11.Bd2 Qc7 1/2-1/2

[Event "39th POL-ch"]
[Site "Zielona Gora POL"]
[Date "1982.02.??"]
[Round "11"]
[White "Jasnikowski, Zbigniew"]
[Black "Sygulski, Artur"]
[Result "1/2-1/2"]
[WhiteElo "2395"]
[BlackElo "2300"]
[EventDate "1982.02.13"]
[PlyCount "24"]

1.e4 e5 2.Nf3 Nf6 3.Nxe5 d6 4.Nf3 Nxe4 5.Qe2 Qe7 6.d3 Nf6 7.Bg5 Qxe2+ 8.
Bxe2 Be7 9.Nc3 c6 10.O-O-O Na6 11.Rhe1 Nc7 12.d4 d5 1/2-1/2

[Event "39th POL-ch"]
[Site "Zielona Gora POL"]
[Date "1982.02.??"]
[Round "11"]
[White "Maciejewski, Andrzej"]
[Black "Steczkowski, Kazimierz"]
[Result "1/2-1/2"]
[WhiteElo "2370"]
[BlackElo "2275"]
[EventDate "1982.02.13"]
[PlyCount "26"]

1.e4 e5 2.Nf3 Nc6 3.Bb5 a6 4.Bxc6 dxc6 5.O-O Qd6 6.Na3 b5 7.c4 Bg4 8.h3 
Bxf3 9.Qxf3 Nf6 10.Rd1 Qd4 11.cxb5 axb5 12.Nc2 Qc4 13.Qc3 Qxc3 1/2-1/2

[Event "39th POL-ch"]
[Site "Zielona Gora POL"]
[Date "1982.02.??"]
[Round "11"]
[White "Stempin, Pawel"]
[Black "Pokojowczyk, Jerzy"]
[Result "1-0"]
[WhiteElo "2350"]
[BlackElo "2450"]
[EventDate "1982.02.13"]
[PlyCount "49"]

1.d4 Nf6 2.c4 c5 3.d5 e6 4.Nc3 exd5 5.cxd5 d6 6.e4 g6 7.f3 Bg7 8.Bg5 O-O 
9.Nge2 Qa5 10.a4 Re8 11.Qd2 a6 12.Ra3 Nbd7 13.Ng3 Ne5 14.Be2 Qb4 15.O-O 
Qd4+ 16.Be3 Qxd2 17.Bxd2 Bd7 18.f4 Neg4 19.h3 Nh6 20.e5 dxe5 21.fxe5 Nh5 
22.Bxh5 gxh5 23.Nce4 Kh8 24.Bxh6 Bxh6 25.Rxf7 1-0

[Event "39th POL-ch"]
[Site "Zielona Gora POL"]
[Date "1982.02.??"]
[Round "11"]
[White "Zoltek, Tadeusz"]
[Black "Swic, Waldemar"]
[Result "1/2-1/2"]
[WhiteElo "2300"]
[BlackElo "2350"]
[EventDate "1982.02.13"]
[PlyCount "83"]

1.c4 Nf6 2.Nc3 c5 3.e4 e6 4.e5 Ng8 5.d4 cxd4 6.Qxd4 Nc6 7.Qe4 d6 8.Nf3 
dxe5 9.Nxe5 Nf6 10.Nxc6 Nxe4 11.Nxd8 Nxc3 12.Nxf7 Kxf7 13.bxc3 b6 14.a4 
Bc5 15.Ba3 Bxa3 16.Rxa3 Ba6 17.a5 Rhc8 18.axb6 axb6 19.c5 Bxf1 20.Rxa8 
Rxa8 21.Rxf1 bxc5 22.Ke2 c4 23.Rd1 Ra3 24.Rc1 e5 25.Rc2 Ke6 26.Ke3 Kd7 27.
h4 Rb3 28.g3 Ra3 29.Kf3 Rb3 30.Rd2+ Ke6 31.Rc2 Kd5 32.g4 Ra3 33.Ke3 Rb3 
34.f4 exf4+ 35.Kxf4 Kc5 36.Rc1 Ra3 37.Ke4 Ra7 38.h5 Re7+ 39.Kf4 Rf7+ 40.
Ke4 Re7+ 41.Kf4 Rf7+ 42.Kg3 1/2-1/2

[Event "39th POL-ch"]
[Site "Zielona Gora POL"]
[Date "1982.02.??"]
[Round "12"]
[White "Bielczyk, Jacek"]
[Black "Maciejewski, Andrzej"]
[Result "1-0"]
[WhiteElo "2390"]
[BlackElo "2370"]
[EventDate "1982.02.13"]
[PlyCount "119"]

1.e4 d6 2.d4 Nf6 3.Nc3 g6 4.f4 Bg7 5.Nf3 c5 6.Bb5+ Bd7 7.e5 Ng4 8.e6 Bxb5 
9.exf7+ Kd7 10.Nxb5 Qa5+ 11.Nc3 cxd4 12.Nxd4 Bxd4 13.Qxd4 Nc6 14.Qc4 Qb6 
15.Qe2 h5 16.h3 Nh6 17.Be3 Qxb2 18.Kd2 Qa3 19.Rab1 Qa6 20.Qxa6 bxa6 21.
Rb7+ Ke6 22.Re1 Kf5 23.Ne2 Kf6 24.Bd4+ Nxd4 25.Nxd4 e5 26.fxe5+ dxe5 27.
Nc6 Rhf8 28.Nxe5 Kg7 29.c4 Rad8+ 30.Kc3 Rd6 31.Rxa7 Rf6 32.Nf3 R8xf7 33.
Ree7 Rxe7 34.Rxe7+ Kf8 35.Re2 Nf5 36.Nd4 Ne7 37.Nf3 Ke8 38.Nd4 Kd7 39.Rb2 
Kc7 40.Re2 Nc6 41.a4 Nxd4 42.Kxd4 Kd6 43.g4 Rf3 44.Re3 Rf4+ 45.Re4 Rf3 46.
h4 hxg4 47.Rxg4 Rf6 48.c5+ Kc6 49.Kc4 Kc7 50.Re4 Kc6 51.a5 Kd7 52.Kd5 Rf5+
53.Re5 Rf7 54.Rg5 Rf6 55.Ke4 Kc6 56.Ke5 Rf8 57.Rxg6+ Kb5 58.c6 Kxa5 59.c7 
Kb5 60.Kd6 1-0

[Event "39th POL-ch"]
[Site "Zielona Gora POL"]
[Date "1982.02.??"]
[Round "12"]
[White "Nowak, Ignacy"]
[Black "Jasnikowski, Zbigniew"]
[Result "1-0"]
[WhiteElo "2360"]
[BlackElo "2395"]
[EventDate "1982.02.13"]
[PlyCount "101"]

1.Nf3 Nf6 2.c4 c6 3.Nc3 d5 4.e3 g6 5.d4 Bg7 6.Be2 O-O 7.O-O Bg4 8.h3 Bxf3 
9.Bxf3 dxc4 10.Qe2 Nbd7 11.Qxc4 e5 12.Rd1 exd4 13.exd4 Nb6 14.Qb3 Qd7 15.
Bg5 Nfd5 16.Ne4 f5 17.Nc5 Qf7 18.Bc1 Rab8 19.Rd3 Rfe8 20.Bd2 Bf6 21.a4 a6 
22.Rc1 Kg7 23.g3 Nd7 24.Bxd5 cxd5 25.Nxd7 Qxd7 26.Rdc3 Rbc8 27.Rc5 Red8 
28.Bf4 Rc6 29.Rxc6 bxc6 30.Qb6 Rc8 31.Re1 Re8 32.Be5 Bxe5 33.dxe5 d4 34.
Rd1 Rxe5 35.Rxd4 Rd5 36.Rxd5 cxd5 37.Qxa6 d4 38.Qb5 Qd6 39.Qd3 Qb4 40.Qc2 
Qe1+ 41.Kg2 Qa5 42.Qc6 Kh6 43.Qd6 Qxa4 44.Qf8+ Kh5 45.Qg7 h6 46.Qb7 Qc4 
47.b3 Qe6 48.Qf3+ Kg5 49.Qf4+ Kf6 50.Qxd4+ Ke7 51.Qe3 1-0

[Event "39th POL-ch"]
[Site "Zielona Gora POL"]
[Date "1982.02.??"]
[Round "12"]
[White "Stempin, Pawel"]
[Black "Szymczak, Zbigniew"]
[Result "1-0"]
[WhiteElo "2350"]
[BlackElo "2395"]
[EventDate "1982.02.13"]
[PlyCount "93"]

1.d4 Nf6 2.c4 e6 3.Nc3 Bb4 4.Nf3 c5 5.g3 cxd4 6.Nxd4 O-O 7.Bg2 d5 8.cxd5 
Nxd5 9.Bd2 Bxc3 10.bxc3 e5 11.Nb5 a6 12.Bc1 axb5 13.Bxd5 Nc6 14.O-O Qa5 
15.Qd3 Bh3 16.Re1 Rad8 17.Bg5 Rd7 18.Qf3 Be6 19.e4 h6 20.Bd2 Qd8 21.Rad1 
Qe7 22.Be3 Rfd8 23.Bb6 Ra8 24.Qe2 b4 25.Qc4 bxc3 26.Qxc3 Qf6 27.Rd2 Nd4 
28.Bxd4 exd4 29.Qc4 Bxd5 30.exd5 g5 31.a4 Qa6 32.Qxd4 Rad8 33.Qe4 Qa5 34.
Red1 Rd6 35.Rd4 Qc3 36.Kg2 h5 37.R1d3 Qc2 38.Qf5 Qc5 39.Qe5 Qa5 40.h3 Qc5 
41.g4 hxg4 42.hxg4 f6 43.Qe4 Kf7 44.Rh3 Rg8 45.Rh7+ Rg7 46.Rc4 Qb6 47.Rc8 
1-0

[Event "39th POL-ch"]
[Site "Zielona Gora POL"]
[Date "1982.02.??"]
[Round "12"]
[White "Swic, Waldemar"]
[Black "Bugajski, Robert"]
[Result "0-1"]
[WhiteElo "2350"]
[BlackElo "2315"]
[EventDate "1982.02.13"]
[PlyCount "96"]

1.e4 c5 2.Nf3 d6 3.d4 cxd4 4.Nxd4 Nf6 5.Nc3 a6 6.h3 e6 7.g4 Be7 8.Bg2 O-O 
9.O-O Nc6 10.Nde2 h6 11.Be3 Ne5 12.b3 Bd7 13.f4 Ng6 14.a4 Bc6 15.Nd4 Qd7 
16.Qd3 Rfd8 17.Rad1 Rac8 18.Rd2 Qe8 19.Nxc6 Qxc6 20.Ne2 d5 21.e5 Nd7 22.
Nd4 Qc3 23.Qe2 Nc5 24.f5 Nxe5 25.Bf4 Bf6 26.fxe6 Nxe6 27.Nxe6 fxe6 28.Kh1 
Rf8 29.h4 g5 30.Bh2 Bg7 31.hxg5 hxg5 32.Bxe5 Rxf1+ 33.Bxf1 Qxe5 34.Qxe5 
Bxe5 35.Re2 Bf4 36.Bg2 Kf7 37.Kg1 Rc3 38.Kf2 b5 39.axb5 axb5 40.Ke1 Rg3 
41.c4 bxc4 42.bxc4 dxc4 43.Kd1 Rxg4 44.Kc2 Rg3 45.Bb7 Rg1 46.Bc8 e5 47.Ba6
Rc1+ 48.Kb2 c3+ 0-1

[Event "39th POL-ch"]
[Site "Zielona Gora POL"]
[Date "1982.02.??"]
[Round "12"]
[White "Sygulski, Artur"]
[Black "Dobrzynski, Wojciech"]
[Result "1-0"]
[WhiteElo "2300"]
[BlackElo "2310"]
[EventDate "1982.02.13"]
[PlyCount "81"]

1.d4 g6 2.c4 Bg7 3.Nf3 d6 4.g3 Nf6 5.Bg2 O-O 6.O-O c6 7.Nc3 Qa5 8.d5 cxd5 
9.cxd5 Bd7 10.Be3 Na6 11.a3 Rfc8 12.b4 Qd8 13.Rc1 Qf8 14.h3 Be8 15.Nd4 Nc7
16.Qd3 Nd7 17.f4 Kh8 18.Kh2 Nf6 19.Bg1 a5 20.b5 Nd7 21.Na4 Nc5 22.Nxc5 
dxc5 23.Rxc5 e5 24.Rfc1 Qd6 25.fxe5 Bxe5 26.a4 Bd7 27.e4 h5 28.Ne2 h4 29.
Bd4 Kh7 30.Bxe5 Qxe5 31.Qc3 hxg3+ 32.Qxg3 Qxg3+ 33.Kxg3 Ne8 34.e5 Rxc5 35.
Rxc5 Rc8 36.Rxc8 Bxc8 37.d6 Ng7 38.Nd4 f6 39.Bxb7 fxe5 40.Bxc8 exd4 41.Bg4
1-0

[Event "39th POL-ch"]
[Site "Zielona Gora POL"]
[Date "1982.02.??"]
[Round "13"]
[White "Adamski, Jan"]
[Black "Swic, Waldemar"]
[Result "1-0"]
[WhiteElo "2425"]
[BlackElo "2350"]
[EventDate "1982.02.13"]
[PlyCount "49"]

1.Nf3 Nf6 2.c4 c5 3.d4 cxd4 4.Nxd4 d5 5.cxd5 Nxd5 6.e4 Nc7 7.Nc3 e5 8.Ndb5
Qxd1+ 9.Kxd1 Nxb5 10.Nxb5 Na6 11.Be3 b6 12.Bc4 Bb7 13.f3 Be7 14.Ke2 O-O 
15.Rhd1 Bc6 16.Nd6 Nc5 17.Rac1 Rad8 18.Nf5 Bf6 19.Rxd8 Rxd8 20.b4 b5 21.
Bxf7+ Kxf7 22.Rxc5 Be8 23.Rc7+ Kg8 24.Rxa7 Bf7 25.g4 1-0

[Event "39th POL-ch"]
[Site "Zielona Gora POL"]
[Date "1982.02.??"]
[Round "13"]
[White "Bugajski, Robert"]
[Black "Steczkowski, Kazimierz"]
[Result "1/2-1/2"]
[WhiteElo "2315"]
[BlackElo "2275"]
[EventDate "1982.02.13"]
[PlyCount "92"]

1.d4 Nf6 2.c4 g6 3.Nf3 Bg7 4.g3 O-O 5.Bg2 d6 6.O-O Nbd7 7.Nc3 e5 8.e4 c6 
9.h3 Qb6 10.Re1 exd4 11.Nxd4 Ne8 12.Nf3 Ne5 13.Nxe5 dxe5 14.Qa4 Nc7 15.Be3
Qa6 16.Qb4 Ne6 17.c5 b6 18.Bf1 Qb7 19.cxb6 Nd4 20.Bxd4 exd4 21.Ne2 axb6 
22.Nf4 Ra5 23.Rac1 Re8 24.a3 Rae5 25.Qxd4 Rb5 26.Qd6 Rxb2 27.Rxc6 Be5 28.
Qd5 Bxf4 29.gxf4 Qe7 30.Qc4 Qh4 31.Qd4 Ra2 32.Rc3 Qxf4 33.Bg2 Be6 34.Qxb6 
Rb8 35.Qd4 Rbb2 36.Rf3 Qb8 37.Rd1 Rb1 38.Rxb1 Qxb1+ 39.Kh2 Qb8+ 40.e5 Qc7 
41.Rc3 Qa5 42.Rc5 Qe1 43.Qd8+ Kg7 44.Qf6+ Kh6 45.Qf4+ Kg7 46.Qf6+ Kh6 
1/2-1/2

[Event "39th POL-ch"]
[Site "Zielona Gora POL"]
[Date "1982.02.??"]
[Round "13"]
[White "Dobrzynski, Wojciech"]
[Black "Nowak, Ignacy"]
[Result "1/2-1/2"]
[WhiteElo "2310"]
[BlackElo "2360"]
[EventDate "1982.02.13"]
[PlyCount "71"]

1.Nf3 Nf6 2.g3 b6 3.Bg2 Bb7 4.O-O e6 5.c4 c5 6.b3 Be7 7.Bb2 O-O 8.e3 d6 9.
Nc3 Nbd7 10.Qe2 a6 11.Rfd1 Qb8 12.d3 Re8 13.Bh3 Qc7 14.Ne1 b5 15.e4 b4 16.
Nb1 a5 17.f4 Nf8 18.a4 N6d7 19.Nd2 Bf6 20.Bxf6 Nxf6 21.Ndf3 Rad8 22.Rac1 
N6d7 23.Qf2 Ng6 24.Ng2 Bc6 25.Ne3 Qb7 26.Bg2 Nf6 27.Rf1 Rf8 28.h4 Qc7 29.
Ng5 h6 30.Nh3 Ne7 31.g4 Nh7 32.g5 hxg5 33.hxg5 f6 34.Qg3 fxg5 35.Nxg5 Nxg5
36.fxg5 1/2-1/2

[Event "39th POL-ch"]
[Site "Zielona Gora POL"]
[Date "1982.02.??"]
[Round "13"]
[White "Jasnikowski, Zbigniew"]
[Black "Stempin, Pawel"]
[Result "1/2-1/2"]
[WhiteElo "2395"]
[BlackElo "2350"]
[EventDate "1982.02.13"]
[PlyCount "77"]

1.e4 c5 2.Nf3 d6 3.d4 cxd4 4.Nxd4 Nf6 5.Nc3 e6 6.g3 Nc6 7.Bg2 Bd7 8.O-O 
Be7 9.Ndb5 Qb8 10.Bg5 O-O 11.Bxf6 Bxf6 12.Qxd6 Qxd6 13.Nxd6 Bxc3 14.bxc3 
Na5 15.e5 Rab8 16.c4 b6 17.f4 Bc6 18.Rad1 Bxg2 19.Kxg2 Nb7 20.Rd4 Nxd6 21.
exd6 Rfd8 22.a4 Rbc8 23.a5 Rc6 24.axb6 axb6 25.Rfd1 Kf8 26.Kf3 Ke8 27.Ke4 
Ra8 28.f5 exf5+ 29.Kxf5 Kd7 30.Rg4 Rg8 31.Rd5 h6 32.h4 Rxd6 33.Rgd4 g6+ 
34.Kf4 Rxd5 35.Rxd5+ Ke7 36.c5 bxc5 37.Rxc5 Ra8 38.Ke5 h5 39.Rc7+ 1/2-1/2

[Event "39th POL-ch"]
[Site "Zielona Gora POL"]
[Date "1982.02.??"]
[Round "13"]
[White "Maciejewski, Andrzej"]
[Black "Sygulski, Artur"]
[Result "0-1"]
[WhiteElo "2370"]
[BlackElo "2300"]
[EventDate "1982.02.13"]
[PlyCount "126"]

1.e4 e5 2.Nf3 d6 3.d4 Nd7 4.Nc3 c6 5.a4 Be7 6.Bc4 Ngf6 7.O-O O-O 8.Re1 Qc7
9.h3 a5 10.Bg5 exd4 11.Nxd4 Nc5 12.Qe2 Bd7 13.Rad1 Rae8 14.Bf4 Qb6 15.Nb3 
Bc8 16.Be3 Nfd7 17.Qh5 Qb4 18.Rd4 Qb6 19.Rdd1 Qb4 20.Rd4 Qb6 21.f4 d5 22.
exd5 Bf6 23.Re4 Nxe4 24.Bxb6 g6 25.Nxe4 gxh5 26.Bc5 Rxe4 27.Rxe4 Nxc5 28.
Nxc5 Bf5 29.dxc6 bxc6 30.b3 Rd8 31.Kf2 h4 32.Kf3 Bxe4+ 33.Nxe4 Kg7 34.Bd3 
h5 35.Nd2 Bc3 36.Ne4 Bb4 37.f5 Bd6 38.Nd2 Kf6 39.Ne4+ Ke5 40.Ng5 Rf8 41.
Ne4 Bb4 42.g3 Kxf5 43.gxh4 Ke5 44.Ng3 Be1 45.Nxh5 Bxh4 46.Nf4 Rg8 47.Ne2 
f5 48.Bc4 Rg7 49.Bd3 Be1 50.Bc4 Rh7 51.Ng1 Bb4 52.Bf1 Rg7 53.Ne2 Be1 54.
Ke3 Bh4 55.Kf3 f4 56.Bg2 Be1 57.Bf1 Bd2 58.Bg2 Be3 59.Bf1 Rg8 60.Bg2 Kf5 
61.Bf1 Rd8 62.Ng3+ fxg3 63.Kxe3 Kg5 0-1

[Event "39th POL-ch"]
[Site "Zielona Gora POL"]
[Date "1982.02.??"]
[Round "13"]
[White "Zoltek, Tadeusz"]
[Black "Bielczyk, Jacek"]
[Result "1/2-1/2"]
[WhiteElo "2300"]
[BlackElo "2390"]
[EventDate "1982.02.13"]
[PlyCount "81"]

1.c4 e5 2.Nc3 Nc6 3.g3 d6 4.Bg2 Be6 5.d3 Qd7 6.Rb1 Nge7 7.Nd5 Nd8 8.Nxe7 
Bxe7 9.Nf3 O-O 10.O-O f6 11.b3 d5 12.d4 e4 13.cxd5 Bxd5 14.Nd2 f5 15.Nc4 
c6 16.f3 exf3 17.exf3 Nf7 18.Ne5 Nxe5 19.dxe5 Rad8 20.Qc2 Qe6 21.f4 Bxg2 
22.Kxg2 Qd5+ 23.Rf3 Qd1 24.Qxd1 Rxd1 25.Rf1 Rd3 26.Rb2 Kf7 27.Rc2 Rfd8 28.
Rf3 Ke6 29.Be3 a6 30.Bb6 Rd2+ 31.Rf2 Rxc2 32.Rxc2 Rd1 33.h4 h5 34.Kf2 Rd3 
35.Be3 Rd5 36.Ke2 Kd7 37.a4 Ke6 38.Bb6 Kd7 39.Rc4 Ke6 40.b4 Kd7 41.Ke3 
1/2-1/2

[Event "39th POL-ch"]
[Site "Zielona Gora POL"]
[Date "1982.02.??"]
[Round "14"]
[White "Bielczyk, Jacek"]
[Black "Bugajski, Robert"]
[Result "1/2-1/2"]
[WhiteElo "2390"]
[BlackElo "2315"]
[EventDate "1982.02.13"]
[PlyCount "116"]

1.e4 c5 2.Nf3 e6 3.Nc3 d6 4.d4 cxd4 5.Nxd4 Nf6 6.g3 Be7 7.Bg2 a6 8.O-O Qc7
9.Re1 O-O 10.a4 Nc6 11.Be3 Bd7 12.Qe2 Nxd4 13.Bxd4 Bc6 14.a5 Nd7 15.Na4 
Bf6 16.Bxf6 Nxf6 17.Nb6 Rad8 18.c4 Nd7 19.Nxd7 Bxd7 20.b4 e5 21.Rac1 b6 
22.axb6 Qxb6 23.c5 Qxb4 24.c6 Bc8 25.Qa2 Qb6 26.c7 Rd7 27.Qc4 Re7 28.Red1 
g6 29.Bf1 Bg4 30.Rd2 Rc8 31.Qxa6 Qxa6 32.Bxa6 Rcxc7 33.Rxc7 Rxc7 34.Kg2 
Rc6 35.Bb7 Rc7 36.Ba6 Rc3 37.Bb7 h5 38.f4 exf4 39.gxf4 Bh3+ 40.Kf2 Bg4 41.
Kg2 Rc7 42.Ba8 Rc8 43.Bb7 Rc7 44.Ba8 h4 45.Rxd6 Rc2+ 46.Kg1 h3 47.e5 Rc4 
48.Rxg6+ fxg6 49.Bd5+ Kg7 50.Bxc4 g5 51.fxg5 Kg6 52.Kf2 Kxg5 53.Kg3 Bc8 
54.Bd3 Bg4 55.Be4 Bd1 56.Bd3 Bg4 57.Bc2 Bf5 58.Bb3 Bc8 1/2-1/2

[Event "39th POL-ch"]
[Site "Zielona Gora POL"]
[Date "1982.02.??"]
[Round "14"]
[White "Pokojowczyk, Jerzy"]
[Black "Ksieski, Zbigniew"]
[Result "1-0"]
[WhiteElo "2450"]
[BlackElo "2375"]
[EventDate "1982.02.13"]
[PlyCount "121"]

1.e4 c5 2.Nf3 Nc6 3.d4 cxd4 4.Nxd4 Nf6 5.Nc3 d6 6.Bg5 e6 7.Qd2 a6 8.O-O-O 
h6 9.Bf4 Bd7 10.Nxc6 Bxc6 11.Qe1 Qa5 12.Bc4 O-O-O 13.Bb3 g5 14.Be3 Bg7 15.
f3 b5 16.Bf2 Nh5 17.Ne2 Qxe1 18.Bxe1 Be5 19.Ba5 Rdg8 20.g3 Rg6 21.Rhf1 Rf6
22.Bd2 Rg6 23.f4 gxf4 24.Nxf4 Bxf4 25.Bxf4 Nxf4 26.Rxf4 Rd8 27.c3 Be8 28.
Rdf1 Rg5 29.Rh4 Re5 30.Rff4 h5 31.Bd1 d5 32.Bxh5 dxe4 33.Rxe4 Rf5 34.Ref4 
Re5 35.Rf2 Re1+ 36.Kc2 Bc6 37.Bxf7 Be4+ 38.Kb3 Bd5+ 39.Kb4 Bxa2 40.b3 a5+ 
41.Kxa5 Bxb3 42.Kxb5 Kc7 43.c4 Ba4+ 44.Kc5 Bc6 45.Bg6 Re5+ 46.Kb4 Rb8+ 47.
Kc3 Re3+ 48.Kd4 Rbb3 49.Bc2 Ra3 50.Be4 Bd7 51.Rb2 Reb3 52.Rxb3 Rxb3 53.g4 
Bc6 54.Rh7+ Kb6 55.Rh6 Bxe4 56.Kxe4 Kc5 57.Rxe6 Rh3 58.g5 Rxh2 59.Kf5 Kxc4
60.Rd6 Kc5 61.Rd8 1-0

[Event "39th POL-ch"]
[Site "Zielona Gora POL"]
[Date "1982.02.??"]
[Round "14"]
[White "Steczkowski, Kazimierz"]
[Black "Adamski, Jan"]
[Result "1/2-1/2"]
[WhiteElo "2275"]
[BlackElo "2425"]
[EventDate "1982.02.13"]
[PlyCount "36"]

1.Nf3 e6 2.g3 d5 3.Bg2 b6 4.O-O Bb7 5.d3 Nf6 6.Nbd2 c5 7.e4 Nc6 8.Re1 Be7 
9.e5 Nd7 10.h4 Qc7 11.Qe2 Nb4 12.Nf1 c4 13.d4 c3 14.b3 a5 15.a3 Ba6 16.Qd1
Nc6 17.Re3 Na7 18.Ng5 h6 1/2-1/2

[Event "39th POL-ch"]
[Site "Zielona Gora POL"]
[Date "1982.02.??"]
[Round "14"]
[White "Stempin, Pawel"]
[Black "Dobrzynski, Wojciech"]
[Result "0-1"]
[WhiteElo "2350"]
[BlackElo "2310"]
[EventDate "1982.02.13"]
[PlyCount "132"]

1.d4 g6 2.c4 Bg7 3.Nc3 d6 4.e4 c6 5.Be3 a6 6.Bd3 b5 7.Nge2 Nf6 8.f3 Nbd7 
9.Qd2 O-O 10.O-O bxc4 11.Bxc4 Nb6 12.Bd3 a5 13.Rfc1 Ba6 14.b3 Bxd3 15.Qxd3
Qb8 16.Rab1 Rc8 17.a4 Nfd7 18.Qd2 Qa7 19.Nf4 Rab8 20.Nd3 Na8 21.Nf2 Nc7 
22.Ne2 Rb6 23.Nd3 Rcb8 24.Qc2 Qb7 25.Bd2 Ne6 26.Bxa5 Nxd4 27.Nxd4 Bxd4+ 
28.Kf1 Rxb3 29.Rxb3 Qxb3 30.Qxb3 Rxb3 31.Nb4 c5 32.Nc6 Bf6 33.Bd8 Kf8 34.
a5 Nb8 35.Nxb8 Rxb8 36.Bb6 Ke8 37.Rd1 Bd4 38.Rb1 Ra8 39.Ke2 Kd7 40.Kd3 Kc6
41.g4 e6 42.f4 f5 43.gxf5 gxf5 44.exf5 exf5 45.Re1 Kd5 46.Kc2 Bf6 47.Re3 
h5 48.Rg3 Kc4 49.Rg6 Bc3 50.Rxd6 Bxa5 51.Bxc5 Kxc5 52.Rf6 Kc4 53.Rxf5 h4 
54.Rf7 Bb6 55.Rb7 Bc5 56.Rb3 Ra2+ 57.Rb2 Ra3 58.Kd2 Rf3 59.Rc2+ Kd5 60.Ke1
Rxf4 61.Rg2 Ke4 62.Rg5 Be3 63.Ke2 Rf2+ 64.Ke1 Rxh2 65.Rg7 Kf3 66.Rf7+ Bf4 
0-1

[Event "39th POL-ch"]
[Site "Zielona Gora POL"]
[Date "1982.02.??"]
[Round "15"]
[White "Adamski, Jan"]
[Black "Bielczyk, Jacek"]
[Result "1/2-1/2"]
[WhiteElo "2425"]
[BlackElo "2390"]
[EventDate "1982.02.13"]
[PlyCount "30"]

1.d4 Nf6 2.c4 d6 3.Nc3 Nbd7 4.e4 e5 5.Nf3 Be7 6.Be2 O-O 7.O-O c6 8.Qc2 Re8
9.Rd1 Qc7 10.Rb1 exd4 11.Nxd4 Bf8 12.Bg5 h6 13.Bh4 a5 14.Rd2 g6 15.Rbd1 a4
1/2-1/2

[Event "39th POL-ch"]
[Site "Zielona Gora POL"]
[Date "1982.02.??"]
[Round "15"]
[White "Bugajski, Robert"]
[Black "Sygulski, Artur"]
[Result "1/2-1/2"]
[WhiteElo "2315"]
[BlackElo "2300"]
[EventDate "1982.02.13"]
[PlyCount "84"]

1.c4 Nf6 2.Nc3 g6 3.Nf3 Bg7 4.d4 O-O 5.Bf4 d5 6.e3 c5 7.dxc5 Qa5 8.Rc1 Rd8
9.Qb3 Qxc5 10.cxd5 Nxd5 11.Bc4 Be6 12.Nxd5 Bxd5 13.O-O Nc6 14.Bxd5 Qxd5 
15.Qxb7 Na5 16.Qxd5 Rxd5 17.b4 Nb7 18.Rfd1 Rb5 19.Rb1 a5 20.bxa5 Raxa5 21.
h3 e5 22.Bxe5 Bxe5 23.Nxe5 Rxe5 24.Rxb7 Rxa2 25.Rbd7 Rf5 26.R7d2 Rfa5 27.
g4 Rxd2 28.Rxd2 h5 29.Kg2 hxg4 30.hxg4 Kg7 31.Kg3 g5 32.f4 Ra3 33.Kf3 gxf4
34.Kxf4 Ra4+ 35.e4 Ra5 36.Rg2 Kg6 37.Rb2 f6 38.Rb6 Rc5 39.Rd6 Ra5 40.Kf3 
Ra3+ 41.Kf4 Ra5 42.Rd5 Ra1 1/2-1/2

[Event "39th POL-ch"]
[Site "Zielona Gora POL"]
[Date "1982.02.??"]
[Round "15"]
[White "Dobrzynski, Wojciech"]
[Black "Szymczak, Zbigniew"]
[Result "1/2-1/2"]
[WhiteElo "2310"]
[BlackElo "2395"]
[EventDate "1982.02.13"]
[PlyCount "114"]

1.Nf3 c5 2.g3 Nf6 3.Bg2 g6 4.O-O Bg7 5.d4 cxd4 6.Nxd4 d5 7.c4 O-O 8.cxd5 
Nxd5 9.Nc3 Nxc3 10.bxc3 Qa5 11.Qb3 Nc6 12.e3 Nxd4 13.cxd4 e5 14.Bb2 exd4 
15.Bxd4 Rd8 16.Bxg7 Kxg7 17.Rfd1 Bg4 18.Rd5 Qc7 19.Qb2+ Kg8 20.Qxb7 Qc3 
21.Rf1 Be2 22.Qe7 Re8 23.Qc5 Rac8 24.Qxc3 Rxc3 25.Rb1 Rec8 26.h4 Bc4 27.
Ra5 Rc2 28.a3 Rd8 29.Be4 Ra2 30.Rc1 Be6 31.Rc2 Rd1+ 32.Kg2 Raa1 33.Kh2 Rd7
34.Rb2 Kg7 35.Bg2 h5 36.Be4 Bc4 37.Bc6 Rc7 38.Ba8 Be6 39.Be4 Rd7 40.Bg2 
Rc7 41.Rd2 Kf8 42.Rb2 Kg7 43.Bh3 Bxh3 44.Kxh3 Rc3 45.a4 Rc4 46.Rxa7 Rcxa4 
47.Rxa4 Rxa4 48.Kg2 Ra3 49.Kf3 Ra4 50.Rb3 Ra5 51.Rb7 Rf5+ 52.Ke2 Ra5 53.
Rd7 Ra2+ 54.Kf3 Kf6 55.Rd5 Ke6 56.Rb5 Kf6 57.e4 Ke6 1/2-1/2

[Event "39th POL-ch"]
[Site "Zielona Gora POL"]
[Date "1982.02.??"]
[Round "15"]
[White "Jasnikowski, Zbigniew"]
[Black "Pokojowczyk, Jerzy"]
[Result "1/2-1/2"]
[WhiteElo "2395"]
[BlackElo "2450"]
[EventDate "1982.02.13"]
[PlyCount "24"]

1.e4 c5 2.c3 Nf6 3.e5 Nd5 4.d4 cxd4 5.Nf3 Nc6 6.Bc4 Nb6 7.Bb5 d5 8.exd6 
exd6 9.Nxd4 Be7 10.O-O O-O 11.Be3 Bf6 12.a4 d5 1/2-1/2

[Event "39th POL-ch"]
[Site "Zielona Gora POL"]
[Date "1982.02.??"]
[Round "15"]
[White "Ksieski, Zbigniew"]
[Black "Swic, Waldemar"]
[Result "1/2-1/2"]
[WhiteElo "2375"]
[BlackElo "2350"]
[EventDate "1982.02.13"]
[PlyCount "40"]

1.d4 Nf6 2.c4 g6 3.g3 d5 4.cxd5 Nxd5 5.Bg2 Bg7 6.Nf3 Nb6 7.O-O O-O 8.Nc3 
Nc6 9.Bf4 Nxd4 10.Nxd4 e5 11.Nc6 Qxd1 12.Ne7+ Kh8 13.Rfxd1 exf4 14.Nxc8 
Raxc8 15.Bxb7 Rb8 16.Ba6 fxg3 17.hxg3 Bxc3 18.bxc3 Na4 19.Kf1 Rb6 20.Bc4 
Nb2 1/2-1/2

[Event "39th POL-ch"]
[Site "Zielona Gora POL"]
[Date "1982.02.??"]
[Round "15"]
[White "Maciejewski, Andrzej"]
[Black "Stempin, Pawel"]
[Result "1/2-1/2"]
[WhiteElo "2370"]
[BlackElo "2350"]
[EventDate "1982.02.13"]
[PlyCount "42"]

1.e4 e5 2.Nf3 Nf6 3.Nxe5 d6 4.Nf3 Nxe4 5.Qe2 Qe7 6.d3 Nf6 7.Nc3 c6 8.Bg5 
Qxe2+ 9.Bxe2 Be7 10.h3 Na6 11.O-O-O Nc7 12.Ne4 Nxe4 13.dxe4 Bxg5+ 14.Nxg5 
Ke7 15.Rhe1 Ne6 16.Nxe6 Bxe6 17.f4 Rad8 18.c4 f6 19.Kc2 Rhe8 20.Kc3 Kf8 
21.Bf3 Bf7 1/2-1/2

[Event "39th POL-ch"]
[Site "Zielona Gora POL"]
[Date "1982.02.??"]
[Round "15"]
[White "Zoltek, Tadeusz"]
[Black "Nowak, Ignacy"]
[Result "1/2-1/2"]
[WhiteElo "2300"]
[BlackElo "2360"]
[EventDate "1982.02.13"]
[PlyCount "121"]

1.c4 Nf6 2.Nc3 c5 3.g3 e6 4.Nf3 b6 5.Bg2 Bb7 6.O-O Be7 7.d4 cxd4 8.Qxd4 d6
9.b3 O-O 10.Ba3 Nc6 11.Qd3 d5 12.Bxe7 Nxe7 13.cxd5 Nexd5 14.Rfd1 Qe7 15.
Nxd5 Bxd5 16.Ne5 Rfd8 17.Qa6 Ne4 18.Rac1 h6 19.Qa4 Qb7 20.Bxe4 Bxe4 21.
Rxd8+ Rxd8 22.f3 Bd5 23.e4 Qb8 24.Nxf7 Kxf7 25.exd5 Rxd5 26.Qc6 Kf6 27.Rc2
Qe5 28.Qc4 Rd4 29.Qe2 Qd5 30.Kf2 b5 31.Qe3 a5 32.Re2 b4 33.f4 Rd3 34.Qe5+ 
Qxe5 35.Rxe5 Rd2+ 36.Re2 Rd5 37.Kf3 h5 38.Rc2 g5 39.fxg5+ Kxg5 40.Re2 Kf5 
41.h3 Rd3+ 42.Re3 Rd4 43.Ke2 Rd5 44.Rf3+ Ke5 45.Re3+ Kf5 46.Rf3+ Ke5 47.g4
hxg4 48.hxg4 Rd4 49.Re3+ Kf6 50.Kf3 e5 51.Re2 Rd3+ 52.Re3 Rd1 53.Kf2 Rd2+ 
54.Re2 Rd3 55.Re3 Rd4 56.Kf3 Ke6 57.Re2 Rd3+ 58.Re3 Rd1 59.Re2 Rd3+ 60.Re3
Rd8 61.Re2 1/2-1/2